书目信息 |
| 题名: |
寂寞桃花
|
|
| 作者: | 阿琪 著 | |
| 分册: | ||
| 出版信息: | 重庆 重庆出版社 2005.02 |
|
| 页数: | 234页 | |
| 开本: | 19cm | |
| 丛书名: | ||
| 单 册: | ||
| 中图分类: | I247.5 | |
| 科图分类: | ||
| 主题词: | 中篇小说--中国--当代 | |
| 电子资源: | ||
| ISBN: | 7-5366-7059-1 | |
| 000 | 00914nam0 2200253 450 | |
| 001 | 010242809390 | |
| 005 | 20050807155851.40 | |
| 010 | @a7-5366-7059-1@d18.80CNY | |
| 100 | @a20050610d2005 km y0chiy0120 ea | |
| 101 | 0 | @achi |
| 102 | @aCN@b510000 | |
| 105 | @aa z 000ay | |
| 200 | 1 | @a寂寞桃花@Aji mo tao hua@e一个单身女人的原生态生存手记二@f阿琪著@Fa qi zhu |
| 210 | @a重庆@c重庆出版社@d2005.02 | |
| 215 | @a234页@c图@d19cm | |
| 312 | @a英文题名取自封面。 | |
| 330 | @a大家教散了,却只有我这个柔弱的南方女子,一心一意要在这座北方的城市里浇灌出一棵属于我自己的桃树……。 | |
| 510 | 1 | @aLonely Peach Blossom@eA Single Woman's Life Stories@zeng |
| 517 | 1 | @a一个单身女人的原生态生存手记二@Ayi ge dan shen nu ren de yuan sheng tai sheng cun shou ji er |
| 606 | 0 | @a中篇小说@y中国@z当代 |
| 690 | @aI247.5@v4 | |
| 701 | 0 | @a阿琪@Aa qi@4著 |
| 801 | 0 | @aCN@bQSSK@c20050807 |
| 905 | @a10447@dI247.5@eA153 | |
| 寂寞桃花:一个单身女人的原生态生存手记二/阿琪著.-重庆:重庆出版社,2005.02 |
| 234页:图;19cm |
| ISBN 7-5366-7059-1:18.80CNY |
| 大家教散了,却只有我这个柔弱的南方女子,一心一意要在这座北方的城市里浇灌出一棵属于我自己的桃树……。 |
| ● |
| 相关链接 |
|
|
|
正题名:寂寞桃花
索取号:I247.5/A153
 
预约/预借
| 序号 | 登录号 | 条形码 | 馆藏地/架位号 | 状态 | 备注 |
| 1 | 527967 | 205279679 | 社科二线400B/400B社科库 15排1列4层/ [索取号:I247.5/A153] | 在馆 | |
| 2 | 527968 | 205279688 | 社科二线400B/400B社科库 15排1列4层/ [索取号:I247.5/A153] | 在馆 | |
| 3 | 527969 | 205279697 | 社科二线400B/400B社科库 15排1列4层/ [索取号:I247.5/A153] | 在馆 |